000 00432 a2200133 4500
003 Nust
005 20170207165503.0
040 _cNust
082 _a799
245 _aEmp of Engrs in all Ops of War by Lt Col Sherjeel Ashraf ex MCE,Photographs-2014
_bMCS
260 _aRawalpindi
_bMCS
_c17-07-2014
650 _aEmp of Engrs in all Ops of War by Lt Col Sherjeel Ashraf ex MCE,Photographs-2014 , (CD-NO 24 Vol IV)
651 _aSweet Memories-MCS
942 _cPER
999 _c212040
_d212040